000 00824nam a2200205 i 4500
001 47183
003 ES-MaACL
005 20250827062603.0
007 t|
008 030404s1956 sp ||||1| spa d
110 1 _aEspaña
_93622
240 1 0 _aTratados, etc. República Federal de Alemania, 1954
245 1 0 _aConvenio cultural entre el Gobierno español y el Gobierno de la República Federal de Alemania
_b: Bonn, 10 de diciembre de 1954.
260 _aMadrid :
_b[s.n.,
_c1956] (
_fImp. del Ministerio de Asuntos Exteriores)
300 _a4 p. ;
_c23 cm.
500 _aPrecede al tít.: Ministerio de Asuntos Exteriores. Registro de Tratados. Nº 81.
710 1 _aEspaña.
_bMinisterio de Asuntos Exteriores.
_bRegistro de Tratados.
_9168910
852 _aES-MaACL
_j1991-F-16
_bR.38736
999 _c47183
_d47183